000 010710000a22002290004500
020 _a0-281-04988-2
082 0 4 _aG 261.51 W33p
100 1 _aWhite, Vernon
245 1 0 _aPaying attention to people : An essay on individualism and Christian believ / Vernon White
260 _aLondon : SPCK
300 _a199 páginas
500 _aIncluye índice (p. 195-199)
501 _aRústico
504 _aIncluye bibliografía (190-194)
505 0 0 _aAnalizando el individualismo: Perspectivas históricas - Análisis conceptual - A partir de la evaluación - El individualismo y la definición de la personalidad - Un paso hacia la práctica - El individualismo y la creencia cristiana - Ontología teológico - Biblcal creencia, doctrina y el individuo - La lógica del amor divino - Parámetros y presunciones - Servicio de pago atención a las personas
650 1 4 _aIndividualismo \ Disciplinas humanísticas
001 19552
942 _cBK
999 _c45915
_d45915
336 _atexto
_btxt
_2rdacontent
337 _2rdamedia
_asin mediación
_bn
338 _2rdacarrier
_avolumen
_bnc